|
|
|
|
| LEADER |
01500ppm a22003618a 4500 |
| 001 |
00032523 |
| 005 |
20171026081023.0 |
| 008 |
140929s2014 ||||||viesd |
| 041 |
0 |
# |
|a vie
|
| 082 |
1 |
4 |
|a 333.33
|b Đ107GI
|
| 100 |
0 |
# |
|a Phan, Tuấn Anh
|
| 245 |
1 |
0 |
|a Đánh giá khả năng ứng dụng phần mềm VILIS trong công tác cấp giấy chứng nhận quyền sử dụng đất, quyền sở hữu nhà ở và tài sản khác gắn liền với đất
|b Khóa luận tốt nghiệp : Ngành Quản lý đất đai :Trình độ : Đại học
|c Phan Tuấn Anh; La Văn Hùng Minh (hướng dẫn)
|
| 260 |
# |
# |
|a Đồng Tháp
|b Trường Đại học Đồng Tháp
|c 2014
|
| 300 |
# |
# |
|e 1 bản tóm tắt
|a 63 tr.
|c 30 cm.
|
| 500 |
# |
# |
|a ĐTTTS ghi: Bộ Giáo dục và Đào tạo. Trường Đại học Đồng Tháp. Khoa Tài nguyên và môi trường
|
| 653 |
# |
# |
|a Giấy chứng nhận
|
| 653 |
# |
# |
|a Đất
|
| 653 |
# |
# |
|a Tài sản
|
| 653 |
# |
# |
|a Sở hữu
|
| 653 |
# |
# |
|a Phần mềm VILIS
|
| 653 |
# |
# |
|a Khóa luận
|
| 700 |
1 |
# |
|a La, Văn Hùng Minh
|e hướng dẫn
|
| 852 |
# |
# |
|j KD.0016082
|
| 852 |
# |
# |
|b Kho đọc
|j KD.0016082
|
| 910 |
0 |
# |
|d 29/9/2014
|
| 980 |
# |
# |
|a Trung tâm Học liệu Lê Vũ Hùng, Trường Đại học Đồng Tháp
|